Plant biotechnology (Record no. 39957)

MARC details
000 -LEADER
fixed length control field 00555nam a2200193Ia 4500
082 ## - DEWEY DECIMAL CLASSIFICATION NUMBER
Classification number 576.3:58/581
Item number MAN
100 ## - MAIN ENTRY--AUTHOR NAME
Personal name Mantell, S H
245 #0 - TITLE STATEMENT
Title Plant biotechnology
260 ## - PUBLICATION, DISTRIBUTION, ETC. (IMPRINT)
Place of publication Cambridge
Name of publisher Cambridge University
Year of publication 1984
490 ## - SERIES STATEMENT
Series statement Soceity for experimental biology seminar series 18
650 ## - SUBJECT ADDED ENTRY--TOPICAL TERM
Topical Term Genetic engineering
650 ## - SUBJECT ADDED ENTRY--TOPICAL TERM
Topical Term Germplasm maintenance
650 ## - SUBJECT ADDED ENTRY--TOPICAL TERM
Topical Term In vitro propagation
650 ## - SUBJECT ADDED ENTRY--TOPICAL TERM
Topical Term Plant biotechnology
650 ## - SUBJECT ADDED ENTRY--TOPICAL TERM
Topical Term Plant cell culture
700 ## - ADDED ENTRY--PERSONAL NAME
Personal name Smith, H
942 ## - ADDED ENTRY ELEMENTS (KOHA)
Koha item type Books
Holdings
Withdrawn status Lost status Damaged status Not for loan Home library Current library Date acquired Full call number Accession Number Koha item type
        RRII Library RRII Library 16/12/2021 576.3:58/581 MAN 20275 Books